| 000 | 00383nam a2200157Ia 4500 | ||
|---|---|---|---|
| 008 | 230917s9999||||xx |||||||||||||| ||und|| | ||
| 040 |
_e209947 _aMAIN |
||
| 041 | _aEnglish | ||
| 082 | _a810.9 S45N | ||
| 100 | _aStern, Milton R, ed. | ||
| 245 | 0 | _aNation and region 1860-1900 | |
| 250 | _a3rd ed. | ||
| 260 |
_aNew Delhi _bLight & Life _c1975 |
||
| 300 | _a722 p. | ||
| 942 | _cBK | ||
| 999 |
_c134540 _d134540 |
||